ours Flocon (L')
<< Retourner aux résultats de la recherche
| Auteur principal : | Hélène Chetaud |
|---|---|
| Titre : | ours Flocon (L') |
| Support : | Livres |
| Langue : | Francais |
| Publié : |
DL 2017 Casterman Tournai (Belgique) |
| Genre : |
Album |
| Sujets : | |
| Étiquettes : |
Pas de tags
|
| LEADER | 00724nam0a2200205 450 | ||
|---|---|---|---|
| 001 | 16868172 | ||
| 010 | |a 978-2-203-12443-1 |b rel. |d 6,5 | ||
| 100 | |a 20260331d2026 u u0frey01 ba | ||
| 101 | 0 | |a fre | |
| 102 | |a BE | ||
| 200 | 0 | |a ours Flocon (L') |f Hélène Chetaud | |
| 207 | 1 | |a | |
| 210 | |a Tournai (Belgique) |b 28 Rue des Soeurs Noires. |c Casterman |d DL 2017 | ||
| 215 | |a 1 vol. (non paginé [12] p.) |c ill. en coul. |d 11 cm | ||
| 300 | |a Livre cartonné | ||
| 330 | |a Flocon est un petit ours blanc qui se pose beaucoup de questions. | ||
| 700 | 0 | |a Chetaud |b Hélène |c Illustrateur |4 70 | |
| 900 | |a Album | ||
| 901 | |a Jeunesse | ||
| 995 | |a Médiathèque |c Médiathèque |f 089021815 |h 089021815 |k A CHE BB |o p |q j |r az |e Médiathèque | ||